Esélyegyenlőségi program vizsgálata a gyermeket nevelő munkavállalók szempontjából a MOL Nyrt. gyakorlatában

Bibliographic Details
Main Author: Hadi Szimonetta
Other Authors: Somogyi Dr. Aliz
Format: Thesis
Kulcsszavak:Esélyegyenlőség
Anyaság
Karrier és család
Online Access:http://dolgozattar.uni-bge.hu/14592

MARC

LEADER 00000nta a2200000 i 4500
001 dolg14592
005 20171218114440.0
008 171218suuuu hu om 000 hun d
040 |a BGE Dolgozattár Repozitórium  |b hun 
041 |a hu 
100 1 |a Hadi Szimonetta 
245 1 0 |a Esélyegyenlőségi program vizsgálata a gyermeket nevelő munkavállalók szempontjából a MOL Nyrt. gyakorlatában  |c Hadi Szimonetta  |h [elektronikus dokumentum] 
246 1 1 |a Esélyegyenlőségi program vizsgálata a gyermeket nevelő munkavállalók szempontjából a MOL Nyrt. gyakorlatában 
695 |a Esélyegyenlőség 
695 |a Anyaság 
695 |a Karrier és család 
700 1 |a Somogyi Dr. Aliz  |e ths 
856 4 0 |u http://dolgozattar.uni-bge.hu/14592/1/Hadi%20Szimonetta%20Szakdolgozat%202017.pdf  |z Dokumentum-elérés 
856 4 0 |u http://dolgozattar.uni-bge.hu/14592/7/titkos%C3%ADt%C3%A1s%20szkennelt.pdf  |z Dokumentum-elérés